| 000 | 00475nam a2200181 a 4500 | ||
|---|---|---|---|
| 001 | 1763961452394 | ||
| 003 | YourLibrary | ||
| 005 | 20251124104852.0 | ||
| 008 | 251124s2008##################000#0#eng## | ||
| 020 | _a9780123744548 | ||
| 082 | 0 | 4 |
_a616.027333 _bKRA |
| 245 | 1 | 0 | _aMouse Models of Developmental Genetic Disease : |
| 260 |
_bAcademic Press, _c2008. |
||
| 300 | _a512 pages | ||
| 650 | 0 | _aScience. | |
| 942 | _cENGLISH | ||
| 040 |
_aYourLibrary _beng _cYourLibrary |
||
| 999 |
_c598527 _d598527 |
||